000 00448pab a2200157 454500
008 180718b1989 xxu||||| |||| 00| 0 eng d
100 _aO'riordan, Timothy
245 _aAdministrative reorganisation and policy change
_bThe case of her Majesty's Inspectorate of pollution
260 _c1989
300 _a272-94
362 _aAutumn
650 _aPollution - U.K.
700 _aAlbert Weale
773 _aPublic Administration
909 _a15464
999 _c15464
_d15464